Animals - STOMACH BOOK Lyrics Quiz - Statistics

General Stats
  • This quiz has been taken 27 times
  • The average score is 145 of 179
Answer Stats
Lyrics go here % Correct
a
100%
an
94%
animals
94%
see
94%
The
94%
the
94%
to
94%
with
94%
about
88%
and
88%
at
88%
black
88%
by
88%
can
88%
change
88%
Come
88%
eyes
88%
for
88%
home
88%
it
88%
makes
88%
meat
88%
my
88%
new
88%
sheep
88%
sinful
88%
us
88%
wants
88%
you
88%
your
88%
all
81%
aside
81%
attacked
81%
away
81%
be
81%
break
81%
but
81%
cannot
81%
cast
81%
cocoon
81%
electricity
81%
Even
81%
feel
81%
finds
81%
float
81%
friend
81%
Grace
81%
hear
81%
Hear
81%
name
81%
now
81%
Now
81%
pain
81%
place
81%
Pray
81%
ready
81%
rearranged
81%
skeletons
81%
that
81%
their
81%
through
81%
trees
81%
way
81%
we'll
81%
certain
75%
Dance
75%
despise
75%
die
75%
Eat
75%
Echoes
75%
face
75%
feeling
75%
on
75%
peace
75%
shape
75%
siblings
75%
simple
75%
singing
75%
start
75%
strange
75%
take
75%
then
75%
unclear
75%
unforgiving
75%
voices
75%
wings
75%
world
75%
cut
69%
how
69%
so
69%
started
69%
it's
63%
somehow
63%
whispers
56%
freak
50%
what
50%
though
44%
Wow
44%
kill
38%
Oh
38%
seek
38%
something
38%
they
38%
unique
38%
pariah
31%
speak
31%
No matching quizzes found
Score Distribution
Percent of People with Each Score
Percentile by Number Answered
Your Score History
You have not taken this quiz